| 000 | 00537nam a2200145Ia 4500 | ||
|---|---|---|---|
| 008 | 211220s9999 xx 000 0 eng d | ||
| 041 | _aEnglish | ||
| 082 | _aRP.0330 | ||
| 100 |
_aPathania, Raj _uCSKHPKV _vPalampur |
||
| 245 | 0 |
_aAssessment of family health status of tribal women and children in Kinnaur district of Himachal Pradesh : _bAn exploratory study / _cRaj Pathania |
|
| 260 |
_aNew Delhi : _bIndian Council oF Social Science Research, |
||
| 300 | _a95p. | ||
| 536 | _aIndian Council of Social Science Research | ||
| 942 | _cRP | ||
| 999 |
_c27199 _d27199 |
||